|
|
|
|
| LEADER |
00000nam a2200000 a 4500 |
| 001 |
vtls001333440 |
| 003 |
SK-MaSNL |
| 005 |
20260301065935.0 |
| 008 |
240314s1997 xo a r y 0 slo |
| 015 |
|
|
|a SNBE1999/01-00590
|
| 035 |
|
|
|a SNK000286360
|
| 040 |
|
|
|a SNK
|b slo
|c SNK
|e AACR2
|
| 041 |
0 |
|
|a slo
|
| 044 |
|
|
|a xo
|c SK
|
| 080 |
|
|
|a 362.17:311.312(437.6)(083.9)"1996/1997"
|2 1981
|
| 080 |
|
|
|a 311.312(437.6)
|2 1981
|
| 100 |
1 |
|
|a Filadelfiová, Jarmila,
|d 1956-
|4 aut
|9 109818
|
| 245 |
1 |
0 |
|a Anketa č. 3: Rodina 1996/97
|c autori: Jarmila Filadelfiová, Peter Guráň ; spoluautor textu: Lívia Krajčovičová ; technická spolupráca: Helena Podlesná
|
| 260 |
|
|
|a Bratislava
|b Medzinárodné stredisko pre štúdium rodiny
|c 1997
|
| 650 |
0 |
7 |
|a rodina
|y 1996-1997
|x štatistika demografická
|2 SNK
|9 385410
|
| 655 |
|
7 |
|a informačné publikácie
|2 SNK
|9 70181
|
| 700 |
1 |
|
|a Guráň, Peter,
|d 1957-
|4 aut
|9 194517
|
| 700 |
1 |
|
|a Krajčovičová, Lívia
|4 aut
|9 385411
|
| 700 |
1 |
|
|a Podlesná, Helena
|4 apd
|9 385412
|
| 958 |
|
|
|a TL
|
| 999 |
|
|
|c 632552
|d 634482
|
| 952 |
|
|
|t P60, <03>, [BOOK], {603}
|a SNK
|b SNK
|y PREZ
|7 0
|p 17A0141389
|o snkOSB 11381/3
|i snkKSP 5948/98
|0 0
|1 0
|4 0
|d 1998-06-09
|l 0
|r 2005-01-02 00:00:00
|w 2026-02-23
|